Nuôi thỏ ở gia đình

Shranjeno v:
Bibliografske podrobnosti
Glavni avtor: Nguyễn Quang Sức
Format: Knjiga
Jezik:Undetermined
Izdano: Hà Nội Nông B+Nghiệp 2001
Teme:
Oznake: Označite
Brez oznak, prvi označite!
Thư viện lưu trữ: Trung tâm Học liệu Trường Đại học Cần Thơ
LEADER 00533nam a2200193Ia 4500
001 CTU_43695
008 210402s9999 xx 000 0 und d
020 |b 6.500đ 
082 |a 636.9322 
082 |b S552 
100 |a Nguyễn Quang Sức 
245 0 |a Nuôi thỏ ở gia đình 
245 0 |c Nguyễn Quang Sức 
260 |a Hà Nội 
260 |b Nông B+Nghiệp 
260 |c 2001 
650 |a rabbits - breeding 
904 |i Minh, 011003 
980 |a Trung tâm Học liệu Trường Đại học Cần Thơ